[Event "1. OEsterreichische Internet Schach Meisterschaft - Vorrunde 3"]
[Site "Online - Playchess.com"]
[Date ""]
[Round "7"]
[Board "26"]
[White "Simon, Christopher"]
[Black "Maierhofer, Johann"]
[Result "0-1"]
[WhiteElo "1824"]
[BlackElo "2087"]
[PlyCount "58"]
[EventDate "2020.04.17"]
[EventRounds "9"]
[EventCountry "AUT"]

1. d4 c5 2. dxc5 e6 3. Nc3 Bxc5 4. e4 Nc6 5. Nf3 Be7 6. Be2 d6 7. O-O Nf6 8. Re1
O-O 9. Bf1 a6 10. a3 b5 11. Bf4 Bb7 12. h3 Qc7 13. Qe2 Rfd8 14. Rad1 Rac8 15. Bg3
Qb6 16. Na2 Na5 17. b3 Nxe4 18. Bh2 d5 19. Kh1 Bf6 20. Ne5 Nc6 21. Nxc6 Nxf2+ 22.
Kg1 Nxd1+ 23. Kh1 Nf2+ 24. Kg1 Nxh3+ 25. Kh1 Nf2+ 26. Kg1 Ne4+ 27. Kh1 Rxc6 28. Qh5
g6 29. Qh3 Nf2+  0-1

[Event "1. OEsterreichische Internet Schach Meisterschaft - Vorrunde 3"]
[Site "Online - Playchess.com"]
[Date ""]
[Round "7"]
[Board "27"]
[White "Sulzbacher, Michael"]
[Black "Pernerstorfer, Max"]
[Result "0-1"]
[WhiteElo "2018"]
[BlackElo "1985"]
[PlyCount "54"]
[EventDate "2020.04.17"]
[EventRounds "9"]
[EventCountry "AUT"]

1. b3 Nf6 2. Bb2 e6 3. f4 Be7 4. Nf3 O-O 5. e3 d5 6. Ne5 c5 7. a4 Nbd7 8. d3 Nxe5
9. Bxe5 Nd7 10. Bb2 Bf6 11. c3 e5 12. Be2 exf4 13. exf4 b6 14. O-O Bb7 15. Bf3 Re8
16. Na3 a6 17. Qd2 Nf8 18. Rae1 Qc7 19. g3 Bc6 20. Qg2 Qd7 21. h3 b5 22. axb5 axb5
23. Rxe8 Rxe8 24. Nc2 b4 25. Qd2 Qxh3 26. Qg2 Qf5 27. Ne3 Rxe3  0-1

[Event "1. OEsterreichische Internet Schach Meisterschaft - Vorrunde 3"]
[Site "Online - Playchess.com"]
[Date ""]
[Round "7"]
[Board "28"]
[White "Mostbauer, Maximilian"]
[Black "Kravanja, Georg"]
[Result "1-0"]
[WhiteElo "2217"]
[BlackElo "2199"]
[PlyCount "127"]
[EventDate "2020.04.17"]
[EventRounds "9"]
[EventCountry "AUT"]

1. d4 Nf6 2. Nf3 g6 3. g3 Bg7 4. Bg2 O-O 5. O-O d5 6. b3 c5 7. Bb2 cxd4 8. Nxd4 Nc6
9. Nxc6 bxc6 10. Nd2 a5 11. c4 a4 12. e4 a3 13. Bd4 Bg4 14. f3 Be6 15. cxd5 cxd5
16. e5 Nd7 17. f4 Qa5 18. Nf3 Bg4 19. Qd2 Qxd2 20. Nxd2 e6 21. Rfc1 Rfc8 22. Kf2
Bf5 23. h3 h5 24. Ke3 f6 25. exf6 Bxf6 26. Bxf6 Nxf6 27. Nf3 Be4 28. Bf1 Bxf3 29.
Kxf3 Kf7 30. Bd3 Ne8 31. Ke3 Nd6 32. g4 hxg4 33. hxg4 Kf6 34. g5+ Kf7 35. Kd4 Nf5+
36. Bxf5 exf5 37. Rh1 Kg7 38. Rae1 Re8 39. Rxe8 Rxe8 40. Kxd5 Re2 41. Ra1 Rf2 42.
b4 Rxf4 43. b5 Rb4 44. Kc6 f4 45. b6 Kf7 46. Kc7 Ke6 47. b7 Kf5 48. b8=Q Rxb8 49.
Kxb8 Kxg5 50. Kb7 f3 51. Rg1+ Kf5 52. Rg3 Kf4 53. Rxg6 f2 54. Rf6+ Ke3 55. Kb6 Ke2
56. Kb5 f1=Q 57. Rxf1 Kxf1 58. Kb4 Ke2 59. Kxa3 Kd3 60. Ka4 Kd4 61. Kb5 Kd5 62. Kb6
Kd6 63. a4 Kd7 64. Kb7  1-0

[Event "1. OEsterreichische Internet Schach Meisterschaft - Vorrunde 3"]
[Site "Online - Playchess.com"]
[Date ""]
[Round "7"]
[Board "29"]
[White "Streiter, Gerhard"]
[Black "Schneider-Zinner, Harald"]
[Result "0-1"]
[WhiteElo "1973"]
[BlackElo "2381"]
[PlyCount "96"]
[EventDate "2020.04.17"]
[EventRounds "9"]
[EventCountry "AUT"]

1. e4 e6 2. d4 d5 3. Nc3 Nf6 4. e5 Nfd7 5. f4 c5 6. Nf3 Nc6 7. Be3 Be7 8. Qd2 O-O
9. dxc5 Bxc5 10. O-O-O a6 11. Kb1 b5 12. Qf2 Qb6 13. Bxc5 Nxc5 14. Bd3 g6 15. h4
Na4 16. Qxb6 Nxb6 17. Ne2 h5 18. Ned4 Nxd4 19. Nxd4 Bd7 20. b3 Kg7 21. Kb2 Rfc8 22.
a3 Rc7 23. Rh3 Nc8 24. Be2 Ne7 25. g4 hxg4 26. Bxg4 Rh8 27. Rg1 Rh6 28. h5 Rc8 29.
Rgh1 Rch8 30. Bf3 gxh5 31. Rxh5 Rxh5 32. Rxh5 Rxh5 33. Bxh5 Ng6 34. Bxg6 Kxg6 35.
Kc3 f6 36. Kd3 fxe5 37. fxe5 Kg5 38. Ke3 Kg4 39. c3 Bc8 40. b4 Bd7 41. Nc2 Kf5 42.
Kd4 Kf4 43. Ne3 Be8 44. Nd1 Bh5 45. Nb2 Be2 46. a4 Kf5 47. axb5 axb5 48. Kc5 Kxe5
 0-1

[Event "1. OEsterreichische Internet Schach Meisterschaft - Vorrunde 3"]
[Site "Online - Playchess.com"]
[Date ""]
[Round "7"]
[Board "30"]
[White "Kwech, Andreas"]
[Black "Hechl, Gerald"]
[Result "1/2-1/2"]
[WhiteElo "1901"]
[BlackElo "2333"]
[PlyCount "114"]
[EventDate "2020.04.17"]
[EventRounds "9"]
[EventCountry "AUT"]

1. e4 d6 2. d4 Nf6 3. Nc3 Nbd7 4. f4 e5 5. dxe5 dxe5 6. Nf3 Bb4 7. Bd2 exf4 8. Bd3
O-O 9. O-O Bc5+ 10. Kh1 Ng4 11. Qe2 Be3 12. Nd5 Bxd2 13. Qxd2 c6 14. Nxf4 Nge5 15.
Rad1 Qb6 16. b3 a5 17. Qc3 Qb4 18. Qb2 f6 19. a3 Qb6 20. Qc3 Kh8 21. h3 Re8 22. Nd4
Nxd3 23. cxd3 Ne5 24. Nf3 a4 25. b4 Qe3 26. Nxe5 fxe5 27. Nh5 Bd7 28. Qd2 Qxd2 29.
Rxd2 Rf8 30. Rdf2 Kg8 31. g4 Rxf2 32. Rxf2 Rf8 33. Rxf8+ Kxf8 34. Ng3 g6 35. Kg2
Be6 36. Kf2 Bb3 37. Ke3 Ke7 38. d4 Ke6 39. Ne2 Bc4 40. Ng3 b6 41. g5 Bb3 42. Ne2
Bd1 43. Nc3 Bb3 44. Ne2 Bc4 45. Nc3 Bb3 46. h4 exd4+ 47. Kxd4 Bc2 48. Ne2 Kd6 49.
Nc3 Ke6 50. Ne2 Bd1 51. Nf4+ Kd6 52. e5+ Ke7 53. Nd3 Bg4 54. Nf2 Bf5 55. Nd1 Ke6
56. Ne3 Bh3 57. Nc4 b5  1/2-1/2

[Event "1. OEsterreichische Internet Schach Meisterschaft - Vorrunde 3"]
[Site "Online - Playchess.com"]
[Date ""]
[Round "7"]
[Board "31"]
[White "Steiner, Adam"]
[Black "Kreutzmann, Duke"]
[Result "0-1"]
[WhiteElo "2251"]
[BlackElo "2036"]
[PlyCount "78"]
[EventDate "2020.04.17"]
[EventRounds "9"]
[EventCountry "AUT"]

1. d4 e6 2. e4 d5 3. exd5 exd5 4. Nf3 Nc6 5. Bb5 Bd6 6. c4 Nge7 7. Nc3 a6 8. Ba4
dxc4 9. d5 b5 10. dxc6 bxa4 11. Qxa4 O-O 12. O-O Be6 13. Bg5 h6 14. Bh4 Qc8 15. Rad1
Qe8 16. Nd4 Ng6 17. Bg3 Bxg3 18. hxg3 Qe7 19. Rfe1 Qc5 20. Nxe6 fxe6 21. Ne4 Qf5
22. Qxc4 Ne5 23. Qc5 Rab8 24. b3 Rb5 25. Qe3 Ng4 26. Qe2 Qh5 27. Qc4 Re5 28. f3 Qh2+
29. Kf1 Qh1+ 30. Ke2 Qxg2+ 31. Kd3 Rxf3+ 32. Kd4 Rd5+ 33. Qxd5 exd5 34. Nc5 Qxg3
35. Ne6 Qf2+ 36. Kxd5 Rf5+ 37. Kc4 Ne5+ 38. Kb4 Nxc6+ 39. Ka3 Ra5#  0-1

[Event "1. OEsterreichische Internet Schach Meisterschaft - Vorrunde 3"]
[Site "Online - Playchess.com"]
[Date ""]
[Round "7"]
[Board "32"]
[White "Schernthaner, David"]
[Black "Polterauer, Chiara"]
[Result "1-0"]
[WhiteElo "2220"]
[BlackElo "2178"]
[PlyCount "93"]
[EventDate "2020.04.17"]
[EventRounds "9"]
[EventCountry "AUT"]

1. e4 e5 2. Nf3 Nc6 3. Bb5 a6 4. Ba4 Nf6 5. O-O Be7 6. d3 b5 7. Bb3 d6 8. a4 Na5
9. axb5 Nxb3 10. cxb3 O-O 11. Nc3 Bb7 12. bxa6 Bxa6 13. Re1 c5 14. Bg5 Bb7 15. Bxf6
Bxf6 16. Nd2 Be7 17. Nc4 Ba6 18. Ne3 Qd7 19. Ncd5 Rfb8 20. Nf5 Bf8 21. Qg4 Qe6 22.
Nc7 Qxb3 23. Nxa6 Rb7 24. Qe2 Rba7 25. Ra3 Qb6 26. Nxc5 dxc5 27. Rxa7 Rxa7 28. Ne3
Ra2 29. Nc4 Qb3 30. Qd1 Qb4 31. Kf1 g6 32. Qb1 Ra8 33. Qc2 Bg7 34. Qc3 Qb5 35. Rc1
Rd8 36. Ke2 Qd7 37. Ne3 Rc8 38. Nd5 Qg4+ 39. Kf1 Qe6 40. f3 h5 41. Ke2 Bh6 42. Ra1
Bg7 43. Ra7 Kh7 44. Qc4 Kg8 45. Ne7+ Kh7 46. Qxe6 fxe6 47. Nxc8  1-0

[Event "1. OEsterreichische Internet Schach Meisterschaft - Vorrunde 3"]
[Site "Online - Playchess.com"]
[Date ""]
[Round "7"]
[Board "33"]
[White "Meglitsch, Konstantin"]
[Black "Bachlechner, Julian"]
[Result "0-1"]
[WhiteElo "2041"]
[BlackElo "2214"]
[PlyCount "128"]
[EventDate "2020.04.17"]
[EventRounds "9"]
[EventCountry "AUT"]

1. e4 d6 2. d4 g6 3. Nc3 Bg7 4. Be3 a6 5. a4 b6 6. Qd2 Nd7 7. Nf3 c5 8. Bc4 e6 9.
O-O Ne7 10. Bh6 O-O 11. Bxg7 Kxg7 12. Rad1 h6 13. h3 Bb7 14. Qf4 cxd4 15. Qxd6 dxc3
16. Qxd7 Bxe4 17. bxc3 Bxf3 18. gxf3 Nf5 19. Qxd8 Rfxd8 20. Rxd8 Rxd8 21. Bxa6 Kf6
22. Rb1 Rd6 23. Bd3 Nh4 24. Be4 Ke7 25. Kf1 f5 26. Bb7 Kd8 27. Ke2 Kc7 28. Ba6 g5
29. Bd3 Ng6 30. Rb5 Nf4+ 31. Kd2 Nxh3 32. Ke3 f4+ 33. Ke2 Ng1+ 34. Kf1 Nxf3 35. c4
Nd4 36. Re5 Rc6 37. c3 Nf3 38. Rb5 Nd2+ 39. Ke2 Nxc4 40. Bxc4 Rxc4 41. a5 bxa5 42.
Rxa5 Rxc3 43. Ra7+ Kd6 44. Rh7 Ke5 45. Rxh6 Kf5 46. Rh8 Rc2+ 47. Ke1 Kg4 48. Re8
Rc6 49. Ke2 Rc2+ 50. Ke1 Kf3 51. Rxe6 Rxf2 52. Rg6 Rg2 53. Kf1 Rg3 54. Ra6 Kg4 55.
Kf2 Rb3 56. Ra2 Kh4 57. Ra8 Kg4 58. Ra2 Rh3 59. Ra4 Rh2+ 60. Kg1 Rb2 61. Kf1 Kg3
62. Ra1 f3 63. Rc1 Rh2 64. Rc3 Rh1#  0-1

[Event "1. OEsterreichische Internet Schach Meisterschaft - Vorrunde 3"]
[Site "Online - Playchess.com"]
[Date ""]
[Round "7"]
[Board "34"]
[White "Missethan, Michael"]
[Black "Hatzl, Johannes"]
[Result "1-0"]
[WhiteElo "2015"]
[BlackElo "2131"]
[PlyCount "103"]
[EventDate "2020.04.17"]
[EventRounds "9"]
[EventCountry "AUT"]

1. e4 c5 2. Nf3 Nc6 3. Bb5 e6 4. Bxc6 bxc6 5. O-O d5 6. Re1 Ne7 7. Nc3 Ng6 8. d3
Be7 9. Ne2 O-O 10. Nf4 Rb8 11. Nxg6 hxg6 12. Rb1 f6 13. Bf4 Kf7 14. Bxb8 Ba6 15.
Bg3 e5 16. exd5 cxd5 17. Bxe5 Bd6 18. Bxd6 Qxd6 19. Qe2 g5 20. h3 Bb7 21. Nh2 d4
22. Qh5+ Kg8 23. Re8 Qc6 24. Rxf8+ Kxf8 25. Nf3 Qd5 26. Re1 Bc6 27. Qh8+ Kf7 28.
Qh5+ Kf8 29. Qg4 Kf7 30. Qc8 Kg6 31. Qg4 Kf7 32. a3 g6 33. Qc8 Bd7 34. Qc7 g4 35.
hxg4 g5 36. Qg3 Bc6 37. Qc7+ Bd7 38. Qxa7 Kg6 39. Qc7 Bxg4 40. Qg3 Bd7 41. Nh4+ Kh5
42. Qf3+ Qxf3 43. Nxf3 g4 44. Nd2 Kg5 45. Ne4+ Kf4 46. Nxc5 Bc6 47. Ne4 Ba4 48. b3
Bc6 49. Nxf6 Kf5 50. Ne4 Kf4 51. g3+ Kf3 52. Nd2#  1-0

[Event "1. OEsterreichische Internet Schach Meisterschaft - Vorrunde 3"]
[Site "Online - Playchess.com"]
[Date ""]
[Round "7"]
[Board "35"]
[White "Strodl, Joachim"]
[Black "Weichhart, Daniel"]
[Result "1-0"]
[WhiteElo "2137"]
[BlackElo "1648"]
[PlyCount "121"]
[EventDate "2020.04.17"]
[EventRounds "9"]
[EventCountry "AUT"]

1. e4 e5 2. Nf3 Nf6 3. Nc3 Nc6 4. d4 exd4 5. Nxd4 Bb4 6. Nxc6 bxc6 7. Bd3 d5 8. exd5
O-O 9. O-O cxd5 10. Bg5 h6 11. Bxf6 Qxf6 12. Nxd5 Qd6 13. c3 Bc5 14. Be4 c6 15. Ne3
Qe6 16. Qf3 Bd7 17. Rfe1 Rac8 18. Rad1 Rfd8 19. Bf5 Qe7 20. Nc4 Be6 21. Bxe6 fxe6
22. Qe4 Rxd1 23. Rxd1 Qf6 24. Ne3 Rf8 25. Rd2 Bxe3 26. Qxe3 Kh8 27. g3 a5 28. f4
Rd8 29. Rxd8+ Qxd8 30. Qd4 Qb8 31. b3 Qb5 32. Kf2 c5 33. Qe4 Qd7 34. Ke2 a4 35. Qxa4
Qb7 36. Kf2 Qh1 37. Qe8+ Kh7 38. Qxe6 Qxh2+ 39. Kf3 Qh1+ 40. Kg4 Qd1+ 41. Kf5 Qd3+
42. Qe4 g6+ 43. Ke5 Qxc3+ 44. Kd5 Qd2+ 45. Kxc5 Qxa2 46. b4 Qa7+ 47. Kb5 Qb8+ 48.
Ka4 Qa7+ 49. Kb3 Qf7+ 50. Qc4 Qb7 51. b5 Qf3+ 52. Qc3 Qd5+ 53. Kb4 Qd6+ 54. Ka4 Qb6
55. Qc6 Qd4+ 56. Ka5 Qa1+ 57. Kb6 Qd4+ 58. Kb7 Qb4 59. b6 Kh8 60. Kb8 Qf8+ 61. Qc8
 1-0

[Event "1. OEsterreichische Internet Schach Meisterschaft - Vorrunde 3"]
[Site "Online - Playchess.com"]
[Date ""]
[Round "7"]
[Board "36"]
[White "Kuecher, Wolfgang"]
[Black "Doujak, Gabriel Andreas"]
[Result "1-0"]
[WhiteElo "2117"]
[BlackElo "1980"]
[PlyCount "103"]
[EventDate "2020.04.17"]
[EventRounds "9"]
[EventCountry "AUT"]

1. g3 d5 2. Bg2 Nf6 3. c4 c6 4. b3 g6 5. Bb2 Bg7 6. d3 O-O 7. Nd2 Nbd7 8. Ngf3 b6
9. O-O Bb7 10. Rc1 Rc8 11. Ne5 Nxe5 12. Bxe5 Qd7 13. Nf3 dxc4 14. bxc4 Ne8 15. Qc2
f6 16. Ba1 e5 17. Rfd1 Nd6 18. c5 Nb5 19. a4 Nd4 20. Nxd4 exd4 21. Qc4+ Kh8 22. Qxd4
Qe6 23. Bf3 bxc5 24. Qxc5 a6 25. a5 Rfe8 26. Rb1 Ba8 27. Rb6 Bf8 28. Qc3 Kg7 29.
Rxa6 Be7 30. Ra7 Kg8 31. Bb2 c5 32. Qc4 Qxc4 33. dxc4 Bxf3 34. exf3 Kf7 35. Rdd7
Ra8 36. Ba3 Rxa7 37. Rxa7 Ke6 38. a6 Rb8 39. Rb7 Rxb7 40. axb7 Bd6 41. Bxc5 Bb8 42.
Bd4 Kd7 43. Bxf6 Kc6 44. Bd4 Kxb7 45. f4 Kc6 46. Kg2 Bd6 47. Kf3 Bc5 48. Bxc5 Kxc5
49. Ke4 Kxc4 50. g4 Kc5 51. Ke5 Kc4 52. f5  1-0

[Event "1. OEsterreichische Internet Schach Meisterschaft - Vorrunde 3"]
[Site "Online - Playchess.com"]
[Date ""]
[Round "7"]
[Board "37"]
[White "Ehs, Dominik"]
[Black "Nisavic, Uros"]
[Result "0-1"]
[WhiteElo "2070"]
[BlackElo "2073"]
[PlyCount "126"]
[EventDate "2020.04.17"]
[EventRounds "9"]
[EventCountry "AUT"]

1. e4 e5 2. Nf3 Nc6 3. Bc4 Bc5 4. O-O Nf6 5. d4 Bxd4 6. Nxd4 Nxd4 7. f4 d6 8. fxe5
dxe5 9. Bg5 Be6 10. Na3 Qe7 11. Bxf6 gxf6 12. c3 Nc6 13. Kh1 Rd8 14. Qf3 Rg8 15.
Qxf6 Qxf6 16. Rxf6 Ke7 17. Raf1 Rd2 18. R6f2 Rgd8 19. h3 Rxf2 20. Rxf2 Bxc4 21. Nxc4
Ke6 22. Ne3 Ne7 23. Ng4 Rd1+ 24. Kh2 Ng6 25. Ne3 Re1 26. Nd5 c6 27. Nf6 h6 28. Ng8
Rxe4 29. Rf6+ Kd5 30. Rxf7 Re2 31. Nxh6 Rxb2 32. a4 Nf4 33. Rg7 e4 34. Nf5 Kc4 35.
Rg4 Rc2 36. Rxf4 Kxc3 37. Rxe4 b5 38. axb5 cxb5 39. Re7 a5 40. h4 a4 41. h5 Rf2 42.
Nd6 b4 43. h6 a3 44. h7 Rf8 45. Nb5+ Kb2 46. Re2+ Kb1 47. Nd4 Rh8 48. Re7 a2 49.
Nb3 Kb2 50. Re3 Rxh7+ 51. Kg1 Rc7 52. Kf2 Rc2+ 53. Kf3 Rc3 54. g4 Rxe3+ 55. Kxe3
Kxb3 56. g5 a1=Q 57. Kf4 Qg7 58. Kf5 Kc4 59. Ke6 Kd4 60. Kd6 Qe5+ 61. Kc6 Qe6+ 62.
Kb5 Kc3 63. Ka4 Qa6#  0-1

[Event "1. OEsterreichische Internet Schach Meisterschaft - Vorrunde 3"]
[Site "Online - Playchess.com"]
[Date ""]
[Round "7"]
[Board "38"]
[White "Moritz, Christian"]
[Black "Keim, Philipp"]
[Result "1-0"]
[WhiteElo "2077"]
[BlackElo "1926"]
[PlyCount "49"]
[EventDate "2020.04.17"]
[EventRounds "9"]
[EventCountry "AUT"]

1. d4 c6 2. Bf4 d5 3. e3 Nf6 4. Nd2 Bf5 5. c4 e6 6. Qb3 Qb6 7. c5 Qxb3 8. axb3 Be7
9. b4 Nbd7 10. b5 O-O 11. bxc6 bxc6 12. Ba6 Nh5 13. Bc7 Bd8 14. Bd6 Re8 15. Bb7 Be7
16. Bxe7 Rab8 17. Bxc6 Rxe7 18. Rxa7 Nhf6 19. b3 g5 20. Ngf3 Bc2 21. O-O Kf8 22.
Rc1 Bxb3 23. Rb1 Bc2 24. Rxb8+ Nxb8 25. Ra8  1-0

[Event "1. OEsterreichische Internet Schach Meisterschaft - Vorrunde 3"]
[Site "Online - Playchess.com"]
[Date ""]
[Round "7"]
[Board "39"]
[White "Auinger, Marcel"]
[Black "Huber, Guenther"]
[Result "1-0"]
[WhiteElo "1808"]
[BlackElo "1979"]
[PlyCount "105"]
[EventDate "2020.04.17"]
[EventRounds "9"]
[EventCountry "AUT"]

1. e4 e6 2. d4 b6 3. Nc3 Bb7 4. Bd3 Bb4 5. Nge2 Nf6 6. f3 c5 7. Be3 cxd4 8. Bxd4
Nc6 9. O-O Nxd4 10. Nxd4 Bxc3 11. bxc3 O-O 12. Qd2 a6 13. Nb3 Qc7 14. Rfe1 Rac8 15.
c4 Nh5 16. Qf2 Qf4 17. Qe3 Qxe3+ 18. Rxe3 Nf4 19. Nd2 Ng6 20. Rb1 Rc6 21. Be2 Rb8
22. Reb3 Bc8 23. c3 Nf4 24. Kf2 d5 25. cxd5 exd5 26. exd5 Nxd5 27. Ne4 b5 28. c4
Nf4 29. cxb5 Rc2 30. Re1 axb5 31. Ke3 Nxg2+ 32. Kd3 Nxe1+ 33. Ke3 Bf5 34. Nd6 Bg6
35. Bxb5 Ng2+ 36. Kd4 Rd8 37. Ke5 f6+ 38. Ke6 Nf4+ 39. Ke7 Rxd6 40. Kxd6 h5 41. a4
Rxh2 42. Rb4 Ra2 43. Bc4+ Bf7 44. Bxa2 Bxa2 45. Rxf4 Kf7 46. a5 g5 47. Ra4 Bb1 48.
a6 g4 49. a7 g3 50. a8=Q g2 51. Ra7+ Kg6 52. Qg8+ Kf5 53. Qxg2  1-0

[Event "1. OEsterreichische Internet Schach Meisterschaft - Vorrunde 3"]
[Site "Online - Playchess.com"]
[Date ""]
[Round "7"]
[Board "40"]
[White "Werdecker, Roland"]
[Black "Flir, Emilio"]
[Result "0-1"]
[WhiteElo "1960"]
[BlackElo "1843"]
[PlyCount "100"]
[EventDate "2020.04.17"]
[EventRounds "9"]
[EventCountry "AUT"]

1. d4 d5 2. Nf3 Nf6 3. g3 e6 4. Bg2 c5 5. O-O Be7 6. dxc5 Bxc5 7. c4 O-O 8. cxd5
exd5 9. Nc3 Nc6 10. Bg5 d4 11. Bxf6 Qxf6 12. Ne4 Qe7 13. Nxc5 Qxc5 14. Rc1 Qb6 15.
Qc2 Rd8 16. Ng5 g6 17. Qc4 Rf8 18. Bd5 Ne5 19. Qc7 Qxc7 20. Rxc7 Bf5 21. Bxf7+ Nxf7
22. Nf3 Rfd8 23. Rd1 d3 24. exd3 Rxd3 25. Rxd3 Bxd3 26. Rxb7 Be4 27. Rxf7 Kxf7 28.
Ng5+ Ke7 29. Nxe4 Rb8 30. b3 Ke6 31. Kg2 Rc8 32. h3 Rc2 33. a4 h6 34. h4 Kd5 35.
Nf6+ Kc5 36. Ng8 h5 37. Ne7 Kb4 38. Nxg6 Kxb3 39. Nf4 Kxa4 40. Nxh5 a5 41. Nf4 Kb3
42. h5 a4 43. h6 Rc8 44. g4 a3 45. g5 a2 46. g6 a1=Q 47. g7 Qe5 48. Kg3 Qg5+ 49.
Kf3 Rc3+ 50. Ke4 Rc4+  0-1

[Event "1. OEsterreichische Internet Schach Meisterschaft - Vorrunde 3"]
[Site "Online - Playchess.com"]
[Date ""]
[Round "7"]
[Board "41"]
[White "Kessler, Manuel"]
[Black "Juenger, Heinz"]
[Result "0-1"]
[WhiteElo "1731"]
[BlackElo "2165"]
[PlyCount "48"]
[EventDate "2020.04.17"]
[EventRounds "9"]
[EventCountry "AUT"]

1. d4 Nf6 2. c4 g6 3. Nc3 d5 4. cxd5 Nxd5 5. e4 Nxc3 6. bxc3 Bg7 7. Bc4 c5 8. Be3
Nc6 9. Ne2 O-O 10. O-O Bg4 11. f3 Na5 12. Bxf7+ Rxf7 13. fxg4 Rxf1+ 14. Kxf1 cxd4
15. cxd4 e5 16. dxe5 Bxe5 17. Qxd8+ Rxd8 18. Rb1 b6 19. g3 Nc4 20. Kf2 Rf8+ 21. Nf4
g5 22. Rc1 Nxe3 23. Kxe3 gxf4+ 24. gxf4 Bxf4+  0-1

[Event "1. OEsterreichische Internet Schach Meisterschaft - Vorrunde 3"]
[Site "Online - Playchess.com"]
[Date ""]
[Round "7"]
[Board "42"]
[White "Neuschmied, Siegfried"]
[Black "Pilshofer, Paul"]
[Result "1-0"]
[WhiteElo "2268"]
[BlackElo "1715"]
[PlyCount "95"]
[EventDate "2020.04.17"]
[EventRounds "9"]
[EventCountry "AUT"]

1. e4 e5 2. Nf3 Nc6 3. Bb5 a6 4. Ba4 Nf6 5. d3 b5 6. Bb3 Bc5 7. O-O h6 8. c3 d6 9.
d4 Bb6 10. dxe5 Nxe5 11. Nxe5 dxe5 12. Qe1 Be6 13. Be3 c5 14. Bxe6 fxe6 15. Nd2 O-O
16. Qe2 c4 17. Rad1 Qc7 18. Nf3 Bxe3 19. Qxe3 Ng4 20. Qe2 Rad8 21. h3 Nf6 22. Qe3
Nd7 23. Nh4 g5 24. Nf3 Nc5 25. h4 g4 26. Nh2 h5 27. Qg5+ Qg7 28. Rxd8 Rxd8 29. Qxd8+
Kh7 30. Qg5 Qf7 31. f3 Nd3 32. g3 Qa7+ 33. Kg2 Kh8 34. Qxh5+ Kg8 35. Qxg4+ Kf8 36.
Qxe6 Qe3 37. Qf6+ Ke8 38. Qg5 Qe2+ 39. Kh3 Ne1 40. Qxe5+ Kd7 41. Qd4+ Kc7 42. Rf2
Nxf3 43. Rxf3 Qe1 44. Rf7+ Kc6 45. Rf6+ Kc7 46. Qd6+ Kb7 47. Rf7+ Kc8 48. Qf8#  1-0

[Event "1. OEsterreichische Internet Schach Meisterschaft - Vorrunde 3"]
[Site "Online - Playchess.com"]
[Date ""]
[Round "7"]
[Board "43"]
[White "Steindl, Johannes"]
[Black "Bachner, Karsten"]
[Result "1-0"]
[WhiteElo "2278"]
[BlackElo "1997"]
[PlyCount "69"]
[EventDate "2020.04.17"]
[EventRounds "9"]
[EventCountry "AUT"]

1. e4 e6 2. d4 d5 3. Nc3 Nf6 4. e5 Nfd7 5. f4 c5 6. Nf3 Nc6 7. Be3 a6 8. Qd2 cxd4
9. Nxd4 Bc5 10. O-O-O Nxd4 11. Bxd4 b5 12. h4 Qb6 13. Ne2 h5 14. Kb1 g6 15. g3 Bb7
16. Bh3 Ke7 17. Rhe1 a5 18. Rh1 b4 19. g4 hxg4 20. Bxg4 Bxd4 21. Nxd4 Nc5 22. h5
gxh5 23. Bxh5 Ne4 24. Qe1 Rh7 25. Qh4+ Kd7 26. Nf3 Nc3+ 27. Ka1 Nxd1 28. Rxd1 Rah8
29. Qf6 Rxh5 30. Qxf7+ Kc6 31. a4 bxa3 32. Nd4+ Kc5 33. Qe7+ Kc4 34. b3+ Kc3 35.
Rd3#  1-0

[Event "1. OEsterreichische Internet Schach Meisterschaft - Vorrunde 3"]
[Site "Online - Playchess.com"]
[Date ""]
[Round "7"]
[Board "44"]
[White "Milanollo, Mario"]
[Black "Fuchs, Georg"]
[Result "0-1"]
[WhiteElo "2053"]
[BlackElo "2211"]
[PlyCount "82"]
[EventDate "2020.04.17"]
[EventRounds "9"]
[EventCountry "AUT"]

1. e4 e5 2. Nf3 Nc6 3. Bc4 Nf6 4. d4 exd4 5. O-O d5 6. e5 dxc4 7. exf6 Be6 8. Re1
Qd7 9. Bg5 h6 10. fxg7 Bxg7 11. Bh4 O-O 12. Nbd2 Bd5 13. Ne4 Qf5 14. Ng3 Qg4 15.
h3 Bxf3 16. hxg4 Bxd1 17. Raxd1 Rae8 18. Nf5 Kh7 19. Kf1 Kg6 20. f4 Rh8 21. Kf2 Rxe1
22. Rxe1 h5 23. Kf3 hxg4+ 24. Kxg4 Bf6 25. Re4 Bxh4 26. Nxh4+ Kf6 27. g3 Rd8 28.
Nf3 d3 29. cxd3 cxd3 30. Nd2 Nd4 31. Re5 Rg8+ 32. Kh3 Ne2 33. Ne4+ Kg7 34. Rg5+ Kf8
35. Rd5 Rxg3+ 36. Nxg3 Nxf4+ 37. Kg4 Nxd5 38. Kf3 c5 39. Ne4 c4 40. a4 Nb6 41. a5
Na4  0-1

[Event "1. OEsterreichische Internet Schach Meisterschaft - Vorrunde 3"]
[Site "Online - Playchess.com"]
[Date ""]
[Round "7"]
[Board "45"]
[White "Brod, Manfred"]
[Black "Pedevilla, Luis"]
[Result "1-0"]
[WhiteElo "2211"]
[BlackElo "1650"]
[PlyCount "175"]
[EventDate "2020.04.17"]
[EventRounds "9"]
[EventCountry "AUT"]

1. e4 c5 2. Nf3 Nc6 3. d4 cxd4 4. Nxd4 g6 5. c4 Bg7 6. Be3 e6 7. Nc3 Nge7 8. Ndb5
O-O 9. Rc1 f5 10. Nd6 Qa5 11. Be2 f4 12. Bd2 Qc7 13. Ncb5 Qd8 14. Bc3 a6 15. Bxg7
Kxg7 16. Nc3 Ng8 17. O-O Nf6 18. Qd2 e5 19. f3 Ne8 20. Rfd1 Nd4 21. Nxe8+ Rxe8 22.
Bd3 Qb6 23. Kh1 d6 24. Nd5 Qd8 25. c5 dxc5 26. Rxc5 Rb8 27. Rdc1 Be6 28. Rc7+ Kg8
29. R7c5 Bxd5 30. Rxd5 Qe7 31. Bc4 Kh8 32. Rxd4 exd4 33. Qxd4+ Qe5 34. Qxe5+ Rxe5
35. Bd5 b6 36. Kg1 Kg7 37. Kf2 Kf6 38. Ke2 g5 39. Kd3 Rd8 40. Rc6+ Ke7 41. Rxb6 Rd6
42. Rb7+ Rd7 43. Rb6 Rd6 44. Rb8 Rd8 45. Rb4 Kd6 46. Rb6+ Kc5 47. Rxa6 Kb5 48. Ra7
h6 49. Kd4 Ree8 50. Rb7+ Ka6 51. Rh7 Rd6 52. Rc7 Red8 53. Rc5 Rb8 54. b3 Re8 55.
b4 Kb6 56. a4 Ra8 57. a5+ Ka6 58. Ke5 Rxd5+ 59. exd5 Rb8 60. b5+ Kxa5 61. d6 Kb6
62. Rc1 Re8+ 63. Kf6 Kxb5 64. d7 Rd8 65. Ke7 Rxd7+ 66. Kxd7 Kb4 67. Ke7 Kb3 68. Kf7
Kb2 69. Rc8 Kb3 70. Ke6 Kb4 71. Kd5 Kb3 72. Kd4 h5 73. h3 Kb2 74. Kd3 Kb1 75. Kd2
Kb2 76. Rb8+ Ka3 77. Kc2 h4 78. Rb7 Ka4 79. Kc3 Ka5 80. Kc4 Ka6 81. Rb1 Ka5 82. Rb2
g4 83. fxg4 f3 84. gxf3 Ka6 85. Kc5 Ka7 86. Kc6 Ka8 87. Kc7 Ka7 88. Ra2#  1-0

[Event "1. OEsterreichische Internet Schach Meisterschaft - Vorrunde 3"]
[Site "Online - Playchess.com"]
[Date ""]
[Round "7"]
[Board "46"]
[White "Buchegger, Fridolin"]
[Black "Leisenberger, Harald"]
[Result "1-0"]
[WhiteElo "1827"]
[BlackElo "2144"]
[PlyCount "71"]
[EventDate "2020.04.17"]
[EventRounds "9"]
[EventCountry "AUT"]

1. d4 Nf6 2. Nf3 d5 3. Bf4 e6 4. e3 c5 5. c3 Nc6 6. Bd3 Bd6 7. Bg3 O-O 8. Nbd2 b6
9. Ne5 Bb7 10. O-O Qc7 11. f4 Ne7 12. Bh4 Ne4 13. Rf3 Nf5 14. Rh3 f6 15. Ng4 Qf7
16. Nf2 Nxf2 17. Bxf2 g6 18. Qf3 Rae8 19. Kh1 Be7 20. Rg1 Nd6 21. g4 Ne4 22. Nxe4
dxe4 23. Bxe4 Bxe4 24. Qxe4 e5 25. f5 exd4 26. fxg6 hxg6 27. exd4 Bd6 28. Qd3 c4
29. Qd2 Qd5+ 30. Rg2 Kf7 31. Rh7+ Ke6 32. Qe3+ Be5 33. dxe5 fxe5 34. Qg3 Rf3 35.
Qh4 Ref8 36. Qe7#  1-0